Регионална библиотека "Любен Каравелов" - Русе

Амок (Запис номер 328843)

MARC детайли
000 -Лидер
Контролно поле с фиксирана дължина nam a22 a 4500
003 - Код на организацията, давaща контролен номер
Контролно поле BLK
005 - Дата и час на последна редакция
Контролно поле 20210719131841.0
008 - Елементи от данни с фиксирана дължина
fixed length control field 190211b bu |||||r|||| 00| | bu d
040 ## - Източник на каталожния запис
Идентификатор на билиотеката - собственик на записа BLK
041 ## - Код за език
Код за езика на текст/звукозапис или на отделно заглавие Български
Код за езика КДБФ Български
080 ## - УДК
Текстов определител УДК Австрийска литература
УДК код - определител по УДК 821.112(436)
УДК определител -31
УДК - код + определител 821.112(436)-31
100 ## - Редна дума - Автор
R(LIN) 265498
Автор Цвайг, Стефан
Авторска отговорност първи автор
139 ## - Редно поле
Редна дума Цвайг, Стефан
Авторски знак Цва - Ц 29
245 ## - Сведения за заглавието
Заглавие Амок
Подзаглавни данни Роман
Редно поле (дума) Стефан Цвайг ; прев. от фр. Стефан Пейков
260 ## - Област на издателските данни
9 (RLIN) 215597
Място на издаване, разпространение и проч. София
Име на издателя, разпространителя и проч. сп. Икономия и домакинство
Година на издаване 1930
Печатница (София : Стоп. развитие)
300 ## - Физическа характеристика
Страници 71 с.
Размери/Мащаб 20 см
380 ## - Жанр
Жанр Худож. лит.
490 ## - СЕРИИ (Колекции)
9 (RLIN) 204474
Име на серия Библиотека Избрани съчинения
500 ## - Общи забележки
Забележка Безпл. прил. на сп. Икономия и домакинство, Г. 9, бр. 5
700 ## - Други автори (авторска отговорност)
9 (RLIN) 1177
Лично име Пейков, Стефан Костов
Автороска отговорност (Описва отношението между автора и произведението) прев. от фр.
852 ## - Местоположение
Форматна сигнатура Цб 305006
Фондова буква Основен фонд - ползва се само за читалня
852 ## - Местоположение
Форматна сигнатура Цб 8.190.34534
Фондова буква Основен фонд - ползва се само за читалня
999 ## - СИСТЕМНИ КОНТРОЛНИ НОМЕРА
Koha biblionumber 328843
Koha biblioitemnumber 328843
942 ## - АРТИКУЛИ
Вид на библиотечния материал Книги
Скрит в OPAC Не
Периодичен библиозапис Да
944 ## - СЪЗДАВАНЕ И РЕДАКЦИЯ на ЗАПИСА
Създаване/Редакция Редакция
Дата на регистрацията/редакция 2021-07-19
Служител, извършил регистрацията/редакцията ВК
999 ## - СИСТЕМНИ КОНТРОЛНИ НОМЕРА
Koha biblioitemnumber 328843
999 ## - СИСТЕМНИ КОНТРОЛНИ НОМЕРА
Koha biblioitemnumber 328843
Наличности
Код за отписване Код за изгубен артикул Източник на класификационната схема Код за повреда Коз за рестрикции Код за отдаване Артикулен № Име на библиотеката - собственик Име на библиотеката, в която се намира в момента Статус (Текущо местоположение) Дата на вписване в системата Местоположение - отдел Цена в лева Систематично азбучна сигнатура Баркод Цена в евро Служебен тип на артикула Инвентарен номер
  Не е изгубен Universal Decimal Classification Не е повреден без рестрикции ползва се в читалня 689343 Регионална библиотека "Любен Каравелов" Русе Регионална библиотека "Любен Каравелов" Русе Хранилище 2019-02-14 Основен фонд - ползва се само за читалня 10.00 Цб 305006 120000829700 5.11 Книги  
  Не е изгубен Universal Decimal Classification Не е повреден само за читалня ползва се в читалня 843859 Регионална библиотека "Любен Каравелов" Русе Регионална библиотека "Любен Каравелов" Русе Хранилище 2021-07-20 Основен фонд - ползва се само за читалня 0.16 Цб 8.190.34534 900000070361 0.08 Книги 34534
Vip Innovations Ltd, Rousse, Bulgaria 2025